Banner

La reforma al proceso ejecutivo (Record no. 112)

MARC details
000 -LEADER
campo de control de longitud fija 01061nam a22002897a 4500
001 - NÚMERO DE CONTROL
campo de control 004057
003 - IDENTIFICADOR DE NÚMERO DE CONTROL
campo de control CoMeUDC004057
005 - FECHA Y HORA DE LA ÚLTIMA TRANSACCIÓN
campo de control 20181025184111.0
008 - DATOS DE LONGITUD FIJA--INFORMACIÓN GENERAL
campo de control de longitud fija 181025b ||||| |||| 00| 0 eng d
020 ## - NÚMERO INTERNACIONAL ESTÁNDAR DEL LIBRO
Número Internacional Estándar del Libro 9789587385076
040 ## - FUENTE DE CATALOGACIÓN
Centro catalogador/agencia de origen CoMeUDC
Lengua de catalogación spa
Centro/agencia transcriptor CoMeUDC
041 0# - CÓDIGO DE IDIOMA
Código de lengua del texto/banda sonora o título independiente spa
082 04 - NÚMERO DE LA CLASIFICACIÓN DECIMAL DEWEY
Información de edición 20
Número de clasificación 347 H557l
100 1# - ENTRADA PRINCIPAL--NOMBRE DE PERSONA
Nombre de persona Hernández Villarreal, Gabriel
9 (RLIN) 43886
245 13 - MENCIÓN DEL TÍTULO
Título La reforma al proceso ejecutivo
Resto del título estudio del impacto que sobre este tiene el análisis económico del derecho
Mención de responsabilidad, etc. Gabriel Hernández Villareal
260 ## - PUBLICACIÓN, DISTRIBUCIÓN, ETC.
Fecha de publicación, distribución, etc. 2014
Lugar de publicación, distribución, etc. Bogotá (Colombia)
Nombre del editor, distribuidor, etc. Editorial Universidad del Rosario, Facultad de Jurisprudencia
300 ## - DESCRIPCIÓN FÍSICA
Extensión xiv, 105 páginas
490 ## - MENCIÓN DE SERIE
Mención de serie Textos de jurisprudencia
504 ## - NOTA DE BIBLIOGRAFÍA, ETC.
Nota de bibliografía, etc. Nota Incluye referencias bibliográficas
650 #7 - PUNTO DE ACCESO ADICIONAL DE MATERIA--TÉRMINO DE MATERIA
9 (RLIN) 12822
Término de materia o nombre geográfico como elemento de entrada Derecho procesal
650 #7 - PUNTO DE ACCESO ADICIONAL DE MATERIA--TÉRMINO DE MATERIA
9 (RLIN) 12805
Término de materia o nombre geográfico como elemento de entrada Derecho penal
650 #7 - PUNTO DE ACCESO ADICIONAL DE MATERIA--TÉRMINO DE MATERIA
Fuente del encabezamiento o término Derecho
Subdivisión general Aspectos económicos
9 (RLIN) 9678
650 #7 - PUNTO DE ACCESO ADICIONAL DE MATERIA--TÉRMINO DE MATERIA
9 (RLIN) 20645
Término de materia o nombre geográfico como elemento de entrada Obligaciones
650 #7 - PUNTO DE ACCESO ADICIONAL DE MATERIA--TÉRMINO DE MATERIA
9 (RLIN) 22330
Término de materia o nombre geográfico como elemento de entrada Procedimiento administrativo
690 ## - PUNTO DE ACCESO ADICIONAL DE MATERIA LOCAL--TÉRMINO DE MATERIA (OCLC, RLIN)
9 (RLIN) 42781
Término de materia o nombre geográfico como elemento inicial Derecho procesal
942 ## - ELEMENTOS DE ENTRADA SECUNDARIOS (KOHA)
Fuente del sistema de clasificación o colocación Clasificación Decimal Dewey
Código de la institución [OBSOLETO] 8
Tipo de ítem Koha Libros
Edición 1
Parte de la signatura que corresponde a la clasificación (Parte de la clasificación) 347
Sufijo de la signatura H557l
Holdings
Estatus retirado Estado de pérdida Fuente del sistema de clasificación o colocación Estado de daño No para préstamo Colección Biblioteca de origen Biblioteca actual Fecha de adquisición Fuente de adquisición Signatura topográfica completa Código de barras Visto por última vez Copia número Precio de reemplazo Tipo de ítem Koha
    Clasificación Decimal Dewey     Colección general U DE COLOMBIA - Biblioteca U DE COLOMBIA - Biblioteca 25/10/2018 Compra 347 H557l 004057 25/10/2018 1 25/10/2018 Libros


Biblioteca Académica Corporación Universitaria U DE COLOMBIA | Teléfono: +(57) (4) 2398080 ext. 1112 | E-mail: biblioteca@udecolombia.edu.co | Dirección: Calle 56 Nº 41 – 147 (Bolivia con Girardot)
Horario de atención: lunes a viernes 8:00 a.m. a 8:00 p.m. - sábados 8:00 a.m. a 4:00 p.m.
Implementado por Grupo EGS.

Powered by Koha